<?xml version="1.0" encoding="UTF-8"?>
<record
    xmlns:xsi="http://www.w3.org/2001/XMLSchema-instance"
    xsi:schemaLocation="http://www.loc.gov/MARC21/slim http://www.loc.gov/standards/marcxml/schema/MARC21slim.xsd"
    xmlns="http://www.loc.gov/MARC21/slim">

  <leader>01752nam a22002897a 4500</leader>
  <controlfield tag="005">20110712122955.0</controlfield>
  <datafield tag="010" ind1=" " ind2=" ">
    <subfield code="a">ENG-102994  B-460942-946</subfield>
  </datafield>
  <datafield tag="020" ind1=" " ind2=" ">
    <subfield code="a">9788176212045</subfield>
    <subfield code="c">195.00</subfield>
  </datafield>
  <datafield tag="035" ind1=" " ind2=" ">
    <subfield code="a">EN-86527  B-460942-946</subfield>
  </datafield>
  <datafield tag="037" ind1=" " ind2=" ">
    <subfield code="b">DBAD / PUB</subfield>
  </datafield>
  <datafield tag="037" ind1=" " ind2=" ">
    <subfield code="b">Virtuous Pub/Ven</subfield>
  </datafield>
  <datafield tag="082" ind1=" " ind2=" ">
    <subfield code="a">N</subfield>
  </datafield>
  <datafield tag="100" ind1=" " ind2=" ">
    <subfield code="a">Houssin, Xavier</subfield>
    <subfield code="9">49064</subfield>
  </datafield>
  <datafield tag="245" ind1=" " ind2=" ">
    <subfield code="a">The death of my mother /</subfield>
    <subfield code="c">by  Xavier Houssin ; translated from the French by Sharmila Sarkar</subfield>
  </datafield>
  <datafield tag="260" ind1=" " ind2=" ">
    <subfield code="a">New Delhi </subfield>
    <subfield code="b">Full Circle Publishing with the French Embassy in India</subfield>
    <subfield code="c">2011</subfield>
  </datafield>
  <datafield tag="270" ind1=" " ind2=" ">
    <subfield code="a">J-40, Jorbagh Lane</subfield>
    <subfield code="b">New Delhi </subfield>
    <subfield code="e">110003</subfield>
  </datafield>
  <datafield tag="300" ind1=" " ind2=" ">
    <subfield code="a">136p. </subfield>
    <subfield code="c">18cm (pbk) </subfield>
  </datafield>
  <datafield tag="700" ind1=" " ind2=" ">
    <subfield code="9">29429</subfield>
    <subfield code="a">Sarkar , Sharmila</subfield>
  </datafield>
  <datafield tag="942" ind1=" " ind2=" ">
    <subfield code="2">ddc</subfield>
    <subfield code="c">EN</subfield>
    <subfield code="m">HOU</subfield>
    <subfield code="h">N</subfield>
  </datafield>
  <datafield tag="999" ind1=" " ind2=" ">
    <subfield code="c">53782</subfield>
    <subfield code="d">53782</subfield>
  </datafield>
  <datafield tag="952" ind1=" " ind2=" ">
    <subfield code="0">0</subfield>
    <subfield code="1">0</subfield>
    <subfield code="2">ddc</subfield>
    <subfield code="4">0</subfield>
    <subfield code="7">1</subfield>
    <subfield code="8">FIC</subfield>
    <subfield code="a">DBAD</subfield>
    <subfield code="b">DBAD</subfield>
    <subfield code="d">2011-07-12</subfield>
    <subfield code="e">DBAD/PUB</subfield>
    <subfield code="g">195.00</subfield>
    <subfield code="l">0</subfield>
    <subfield code="o">N HOU</subfield>
    <subfield code="p">EN-86527</subfield>
    <subfield code="r">2011-07-12 00:00:00</subfield>
    <subfield code="t">1</subfield>
    <subfield code="v">195.00</subfield>
    <subfield code="w">2011-07-12</subfield>
    <subfield code="y">EN</subfield>
  </datafield>
  <datafield tag="952" ind1=" " ind2=" ">
    <subfield code="0">0</subfield>
    <subfield code="1">0</subfield>
    <subfield code="4">0</subfield>
    <subfield code="7">0</subfield>
    <subfield code="8">FIC</subfield>
    <subfield code="a">L</subfield>
    <subfield code="b">L</subfield>
    <subfield code="d">2012-06-14</subfield>
    <subfield code="e">Virtuous Pub/936/04.02.2012/28/18.01.2012/10.02.2012</subfield>
    <subfield code="g">195.00</subfield>
    <subfield code="l">0</subfield>
    <subfield code="o">N HOU</subfield>
    <subfield code="p">B-460942</subfield>
    <subfield code="r">2012-06-14 00:00:00</subfield>
    <subfield code="t">1</subfield>
    <subfield code="v">195.00</subfield>
    <subfield code="y">EN</subfield>
  </datafield>
  <datafield tag="952" ind1=" " ind2=" ">
    <subfield code="0">0</subfield>
    <subfield code="1">0</subfield>
    <subfield code="4">0</subfield>
    <subfield code="7">0</subfield>
    <subfield code="8">FIC</subfield>
    <subfield code="a">BL1</subfield>
    <subfield code="b">BL1</subfield>
    <subfield code="d">2012-06-14</subfield>
    <subfield code="e">Virtuous Pub/936/04.02.2012/28/18.01.2012/10.02.2012</subfield>
    <subfield code="g">195.00</subfield>
    <subfield code="l">2</subfield>
    <subfield code="o">N HOU</subfield>
    <subfield code="p">B-460943</subfield>
    <subfield code="r">2026-05-02 12:47:50</subfield>
    <subfield code="s">2026-04-15</subfield>
    <subfield code="t">1</subfield>
    <subfield code="v">195.00</subfield>
    <subfield code="w">2012-06-14</subfield>
    <subfield code="y">EN</subfield>
  </datafield>
  <datafield tag="952" ind1=" " ind2=" ">
    <subfield code="0">0</subfield>
    <subfield code="1">0</subfield>
    <subfield code="4">0</subfield>
    <subfield code="7">0</subfield>
    <subfield code="8">FIC</subfield>
    <subfield code="a">ZLS</subfield>
    <subfield code="b">ZLS</subfield>
    <subfield code="d">2012-06-14</subfield>
    <subfield code="e">Virtuous Pub/936/04.02.2012/28/18.01.2012/10.02.2012</subfield>
    <subfield code="g">195.00</subfield>
    <subfield code="l">2</subfield>
    <subfield code="o">N HOU</subfield>
    <subfield code="p">B-460944</subfield>
    <subfield code="r">2021-04-08 00:00:00</subfield>
    <subfield code="s">2021-03-25</subfield>
    <subfield code="t">1</subfield>
    <subfield code="v">195.00</subfield>
    <subfield code="w">2012-06-14</subfield>
    <subfield code="y">EN</subfield>
  </datafield>
  <datafield tag="952" ind1=" " ind2=" ">
    <subfield code="0">0</subfield>
    <subfield code="1">0</subfield>
    <subfield code="4">0</subfield>
    <subfield code="7">0</subfield>
    <subfield code="8">FIC</subfield>
    <subfield code="a">BL3</subfield>
    <subfield code="b">BL3</subfield>
    <subfield code="d">2012-06-14</subfield>
    <subfield code="e">Virtuous Pub/936/04.02.2012/28/18.01.2012/10.02.2012</subfield>
    <subfield code="g">195.00</subfield>
    <subfield code="l">0</subfield>
    <subfield code="o">N HOU</subfield>
    <subfield code="p">B-460945</subfield>
    <subfield code="r">2012-06-14 00:00:00</subfield>
    <subfield code="t">1</subfield>
    <subfield code="v">195.00</subfield>
    <subfield code="w">2012-06-14</subfield>
    <subfield code="y">EN</subfield>
  </datafield>
  <datafield tag="952" ind1=" " ind2=" ">
    <subfield code="0">0</subfield>
    <subfield code="1">0</subfield>
    <subfield code="4">0</subfield>
    <subfield code="7">0</subfield>
    <subfield code="8">FIC</subfield>
    <subfield code="a">BL4</subfield>
    <subfield code="b">BL4</subfield>
    <subfield code="d">2012-06-14</subfield>
    <subfield code="e">Virtuous Pub/936/04.02.2012/28/18.01.2012/10.02.2012</subfield>
    <subfield code="g">195.00</subfield>
    <subfield code="l">1</subfield>
    <subfield code="o">N HOU</subfield>
    <subfield code="p">B-460946</subfield>
    <subfield code="r">2025-09-10 00:00:00</subfield>
    <subfield code="s">2025-08-08</subfield>
    <subfield code="t">1</subfield>
    <subfield code="v">195.00</subfield>
    <subfield code="w">2012-06-14</subfield>
    <subfield code="y">EN</subfield>
  </datafield>
</record>
